| 000 | 00682nam1a22002171i 4500 | ||
|---|---|---|---|
| 001 | v19\rc\2074057 | ||
| 005 | 20260407060405.0 | ||
| 035 | _a(NLR Aleph) 005171204 | ||
| 090 |
_a5071157 _c5071157 |
||
| 100 | _a20081218d1916 |||y0rusy50 ca | ||
| 101 | 0 | _arus | |
| 102 | _aRU | ||
| 105 | _a z ||||| | ||
| 200 | 1 |
_aТулунское опытное поле _eВып. 1 _fМЗ. Деп. земледелия |
|
| 210 |
_aИркутск _d1916 |
||
| 215 | _d25 | ||
| 710 | 0 | 2 |
_aТулунское опытное поле _cИркутская губ. _3RU\NLR\AUTH\8810027218 _9552724 |
| 801 | 0 |
_aRU _bNLR _gpsbo |
|
| 801 | 1 |
_aRU _bProSoft-M _2rusmarc |
|
| 852 |
_aNLR _jС10/Б-7/2 |
||
| 942 | _cBOOK | ||